Statistics for History of Portugal I

Click here to take the quiz!

General Stats

  • This quiz has been taken 8 times
  • The average score is 8 of 16

Answer Stats

HintAnswer% Correct
Which natural resource allowed the Portuguese royal family to grow extremely wealthy in the first half of the 18th century?Gold
71%
In the year of 1384, Castilian troops invaded Portuguese territories and attempted a siege to one of its cities, with a catastrophic outcome. Which city was it?Lisbon
71%
What was the name of the first king of Portugal?Afonso I of Portugal
57%
What was the last chunk to be conquered by Portuguese kings?Algarve
57%
What was the first capital of the Kingdom of Portugal?Guimarães
57%
Which royal house ruled Portugal from 1580 to 1640?Habsburg
57%
Who was the queen who was crowned after her death by her lover?Inês de Castro
57%
Which natural disaster followed the earthquake and destroyed the Portuguese capital in the year of 1755?Tsunami
57%
What is the name of the region where the Iberian knights and population hid during the Moors Occupation?Asturies
43%
Which conquest marks the beginning of the Portuguese Age of Discoveries?Ceuta
43%
Who were the people that used to live in Portuguese territory before the arrival of the Romans?Lusitanians
43%
Who was the general who forced the royal family to leave along with courtiers to Brazil?Napoleon Bonaparte
43%
What was the name of the roman province where nowadays Portugal is settled?Hispania
29%
What was the regimen that was conducted in the country following the conclusion of the Civil War in 1834?Liberalism
29%
What was the cause of death of the last but one king of Portugal, Charles I and his son?Murder
29%
Who was the king who died young in battle, leaving no rightful heir to the throne?Sebastian I
29%

Score Distribution

Percentile by Number Answered

Percent of People with Each Score

Your Score History

You have not taken this quiz